000
00274nam a22001337a 4500
003
SGT
020
_a
9788120347083
082
_a
346
_b
RAO
100
_a
RAO, PEDDINA MOHANA
245
_a
BUSINESS LAW
260
_b
PHI LEARNING
_c
2013
300
_a
479
942
_2
ddc
_c
BK
_0
22
999
_c
16263
_d
16263